| 000 | 01329nam a22002657a 4500 | ||
|---|---|---|---|
| 005 | 20170124103105.0 | ||
| 010 | _aB-013391 | ||
| 020 | _c180.00 | ||
| 035 | _aB-013391 | ||
| 037 | _bCen Lib/Ret | ||
| 040 |
_aDPL _bHN |
||
| 082 |
_a080 _bगोस्वामी |
||
| 100 |
_aगोस्वामी, श्रवणकुमार _943912 |
||
| 245 |
_aअटलजी के नाम : _cश्रवणकुमार गोस्वामी _bएक धारावाहिक पत्र / |
||
| 246 |
_aAtal jee ke name : ek dharavahik patr / _bby Shravankumar Goswami |
||
| 260 |
_aनयी दिल्ली _bभारतीय प्रकाशन संस्थान _c2000 |
||
| 270 |
_bनयी दिल्ली _a24/4855, अंसारी रोड, दरयागंज _e110002 |
||
| 300 |
_a235पृ. _c19सेमी(सजिल्द ) |
||
| 500 | _aपरिशिष्ट एवं सन्दर्भ सूची शामिल | ||
| 650 |
_aहिंदी--पत्रकारिता _91191 |
||
| 650 |
_aहिंदी--पत्रकारिता--पत्र लेखन _978188 |
||
| 650 |
_aHindi--Journalism _943511 |
||
| 650 |
_aHindi--Journalism--letter writing _978189 |
||
| 942 |
_2ddc _cHN _h080 _mगोस्वामी |
||
| 999 |
_c118065 _d118065 |
||